Riadenie likvidity podniku pomocou tokových veličín záverečné hodnotenie internej grantovej úlohy č. 0431/01

Guardado en:
Detalles Bibliográficos
Autor principal: Czillingová, Jana
Autor Corporativo: Podnikovohospodárska fakulta EU so sídlom v Košiciach. Katedra účtovníctva a financií
Otros Autores: Polončák, Milan, Neufeld, Juraj, 1946-, Kostková, Albína, 1951-, Ferencová, Agáta, Mattová, Katarína, Bernáthová, Mária
Formato: Libro
Lenguaje:eslovaco
Publicado: Košice 2003
Materias:
Etiquetas: Agregar Etiqueta
Sin Etiquetas, Sea el primero en etiquetar este registro!

MARC

LEADER 00000nam a2200000 4500
001 0160420
005 20240503085831.8
041 0 |a slo 
044 |a SK 
245 1 0 |a Riadenie likvidity podniku pomocou tokových veličín  |b záverečné hodnotenie internej grantovej úlohy č. 0431/01  |c vedúca projektu Jana Czillingová 
264 1 |a Košice  |c 2003 
300 |a [50] s. 
610 2 0 |a likvidita podniku 
610 2 0 |a cash flow 
100 1 |a Czillingová, Jana 
700 1 |a Polončák, Milan 
700 1 |a Neufeld, Juraj, 1946- 
700 1 |a Kostková, Albína, 1951- 
700 1 |a Ferencová, Agáta 
700 1 |a Mattová, Katarína 
700 1 |a Bernáthová, Mária 
710 2 |a Podnikovohospodárska fakulta EU so sídlom v Košiciach. Katedra účtovníctva a financií